A concise history of England from Stonehenge to the atomic age / (Record no. 170)

MARC details
000 -LEADER
fixed length control field 00752cam a2200253 i 4500
005 - DATE AND TIME OF LATEST TRANSACTION
control field 20260322212009.0
008 - FIXED-LENGTH DATA ELEMENTS--GENERAL INFORMATION
fixed length control field data
010 ## - LIBRARY OF CONGRESS CONTROL NUMBER
LC control number 79067661
020 ## - INTERNATIONAL STANDARD BOOK NUMBER
International Standard Book Number 0500271828 (pbk.) :
Terms of availability {dollar}10.95
020 ## - INTERNATIONAL STANDARD BOOK NUMBER
International Standard Book Number 9780500271827 (pbk.) :
Terms of availability {dollar}10.95
040 ## - CATALOGING SOURCE
Original cataloging agency DLC
Transcribing agency DLC
Modifying agency DLC
043 ## - GEOGRAPHIC AREA CODE
Geographic area code e-uk---
050 00 - LIBRARY OF CONGRESS CALL NUMBER
Classification number DA30
Item number .H33 1980
082 00 - DEWEY DECIMAL CLASSIFICATION NUMBER
Classification number 941
Edition information 19
092 ## - LOCALLY ASSIGNED DEWEY CALL NUMBER (OCLC)
Classification number 943.6 H33 1980
001 - CONTROL NUMBER
control field data
100 1# - MAIN ENTRY--PERSONAL NAME
Personal name Halliday, F. E.
Dates associated with a name 1903-
Fuller form of name (Frank Ernest),
245 12 - TITLE STATEMENT
Title A concise history of England from Stonehenge to the atomic age /
Statement of responsibility, etc. F. E. Halliday.
260 ## - PUBLICATION, DISTRIBUTION, ETC.
Place of publication, distribution, etc. New York :
Name of publisher, distributor, etc. Thames and Hudson,
Date of publication, distribution, etc. 1980.
300 ## - PHYSICAL DESCRIPTION
Extent 240 p. :
Other physical details ill. ;
Dimensions 24 cm.
500 ## - GENERAL NOTE
General note Includes index.
504 ## - BIBLIOGRAPHY, ETC. NOTE
Bibliography, etc. note Bibliography: p. 225-227.
651 #0 - SUBJECT ADDED ENTRY--GEOGRAPHIC NAME
Geographic name Great Britain
General subdivision History.
Holdings
Withdrawn status Lost status Damaged status Not for loan Home library Current library Shelving location Date acquired Total checkouts Full call number Barcode Date last seen Price effective from Koha item type
        Pleasant Valley Pleasant Valley General stacks 22/03/2026   941 19 BC0010175 22/03/2026 22/03/2026 Books